Sieci tramwajowe w Polsce (dla kolegi Ignacego) - Statystyki

Ogólne statystyki
  • Ten quiz został rozwiązany 264 razy
  • Średni wynik to 12 z 15
Statystyki odpowiedzi
Długość Nazwa % Poprawnych
131 km Warszawa
98%
97 km Kraków
96%
56 km Gdańsk
95%
84 km Wrocław
94%
82 km Poznań
93%
124 km Łódź
92%
64 km Szczecin
90%
41 km Bydgoszcz
89%
24 km Toruń
85%
11 km Olsztyn
73%
12 km Gorzów Wielkopolski
63%
15 km Częstochowa
60%
9 km Grudziądz
49%
16 km Elbląg
47%
181 km GOP
38%
Nie znaleziono quizów pasujących do podanych kryteriów
Rozkład punktacji
Procent ludzi z każdym wynikiem
Percentyl według liczby udzielonych odpowiedzi
Twoja historia wyników
Nie rozwiązałeś tego quizu